00000000nas 2200000zi 4500
0019.936122
003CaOODSP
00520250423130605
006m     o  d f      
007cr |||||||||||
008240327u1976uuuuxxc x m ot   f0###|0eng|d
040 |aCaOODSP|beng|erda|cCaOODSP
043 |an-cn-bc
0861 |aDR52-14E-PDF
1300 |aReport (Defence Research Establishment Pacific : 1976)
24510|aReport.
2461 |iSome issues have title: |aDREP report
264 1|aVictoria, B.C. : |bDefence Research Establishment Pacific : |bResearch and Development Branch, Department of National Defence Canada
310 |aIrregular
336 |atext|btxt|2rdacontent
337 |acomputer|bc|2rdamedia
338 |aonline resource|bcr|2rdacarrier
515 |aSome issues published out of chronological order.
588 |aDescription based on: 76-3; title from PDF title page.
588 |aLatest issue consulted: 93-1.
650 0|aMilitary research|zCanada.
650 6|aRecherche militaire|zCanada.
7102 |aDefence Research Establishment Pacific, |eissuing body.
7101 |aCanada. |bDepartment of National Defence. |bResearch and Development Branch, |eissuing body.
78000|tReport / |w(CaOODSP)9.936121